Trouvez les pays frontaliers - Turquie - Statistiques

Statistiques générales
  • Ce quiz a été pris 46 fois
  • Le résultat moyen est 7 sur 8
Statistiques - réponses
Longueur de leur frontière commune Pays % Correct
206 km Grèce
93%
352 km Irak
93%
499 km Iran
93%
822 km Syrie
88%
268 km Arménie
84%
240 km Bulgarie
81%
252 km Géorgie
81%
9 km Azerbaïdjan
72%
Aucun quiz correspondant
Distribution des résultats
% des personnes avec chaque résultat
Percentile par nombre de réponses
Votre historique - résultats
Vous n’avez pas pris ce quiz